000 00623nam 22001933 4500
001 200692
010 _a972-8298-39-0
021 _aPT
_b101387/96
090 _a200692
100 _a20260223d u||y0pory50 ba
200 _aAvaliação de desempenho para gestores
_fFernando Neves de Almeida
210 _aLisboa
_cMcGraw-Hill
_dD.L. 1996
215 _a[10], 122 p.
_cbrochado
_d24 cm
606 _911922
_aRelações humanas no seio da empresa. Gestão e administração de recursos humanos
675 _a658.3
_vPT
_zpor
700 _913488
_aAlmeida
_bFernando Neves de
801 _aPT
_bBMMN
_gRPC
830 _cVanda
990 _cLIVROS